| 000 | 00508nam a2200133Ia 4500 | ||
|---|---|---|---|
| 008 | 200902s9999 xx 000 0 und d | ||
| 020 | _a978-621-406-125-9 | ||
| 100 | _aCamilar-Serrano, Angelita O. | ||
| 245 |
_cAngelita O. Camilar-Serrano.-- _aFormulating and implementing policy & strategy in business : _bAn analytic approach to concepts / |
||
| 260 |
_aManila : _bMindshapers Co., Inc. _c2017 |
||
| 300 |
_aviii , 366 pages : _billustrations ; _c26 cm. |
||
| 650 | _aBusiness | ||
| 650 | _aCorporate planning | ||
| 999 |
_c363965 _d363965 |
||